The United Nations and crime prevention. (Record no. 737)

MARC details
000 -LEADER
fixed length control field 01152nam a2200349 a 4500
001 - CONTROL NUMBER
control field 4480512
003 - CONTROL NUMBER IDENTIFIER
control field OSt
005 - DATE AND TIME OF LATEST TRANSACTION
control field 20150709165330.0
008 - FIXED-LENGTH DATA ELEMENTS--GENERAL INFORMATION
fixed length control field 960723s1996 nyu i000 0 eng d
010 ## - LIBRARY OF CONGRESS CONTROL NUMBER
LC control number 96172023
020 ## - INTERNATIONAL STANDARD BOOK NUMBER
International Standard Book Number 9211301777
035 ## - SYSTEM CONTROL NUMBER
System control number (OCoLC)35158177
040 ## - CATALOGING SOURCE
Original cataloging agency FMU-L
Transcribing agency FMU-L
Modifying agency DLC
042 ## - AUTHENTICATION CODE
Authentication code lccopycat
050 00 - LIBRARY OF CONGRESS CALL NUMBER
Classification number K5001
Item number .U55 1996
082 ## - DEWEY DECIMAL CLASSIFICATION NUMBER
Classification number 364 UNI
245 04 - TITLE STATEMENT
Title The United Nations and crime prevention.
246 30 - VARYING FORM OF TITLE
Title proper/short title Crime
260 ## - PUBLICATION, DISTRIBUTION, ETC. (IMPRINT)
Place of publication, distribution, etc New York :
Name of publisher, distributor, etc United Nations, Dept. of Public Information,
Date of publication, distribution, etc 1996.
300 ## - PHYSICAL DESCRIPTION
Extent v, 160 p. ;
Dimensions 26 cm.
500 ## - GENERAL NOTE
General note "DPI/1143/Rev.2/CRM"--P. [4] of cover.
500 ## - GENERAL NOTE
General note "Sales no. E.96.IV.9"--P. [4] of cover.
650 #0 - SUBJECT ADDED ENTRY--TOPICAL TERM
Topical term or geographic name as entry element Criminal justice, Administration of.
9 (RLIN) 2015
650 #0 - SUBJECT ADDED ENTRY--TOPICAL TERM
Topical term or geographic name as entry element Prisoners
General subdivision Legal status, laws, etc.
9 (RLIN) 2016
650 #0 - SUBJECT ADDED ENTRY--TOPICAL TERM
Topical term or geographic name as entry element Police.
9 (RLIN) 2017
650 #0 - SUBJECT ADDED ENTRY--TOPICAL TERM
Topical term or geographic name as entry element Crime prevention.
9 (RLIN) 2018
710 2# - ADDED ENTRY--CORPORATE NAME
Corporate name or jurisdiction name as entry element United Nations.
Subordinate unit Office of Public Information.
9 (RLIN) 2019
906 ## - LOCAL DATA ELEMENT F, LDF (RLIN)
a 7
b cbc
c copycat
d 2
e ncip
f 19
g y-gencatlg
942 ## - ADDED ENTRY ELEMENTS (KOHA)
Source of classification or shelving scheme Dewey Decimal Classification
Koha item type Books
Holdings
Withdrawn status Lost status Source of classification or shelving scheme Damaged status Not for loan Home library Current library Shelving location Date acquired Total Checkouts Full call number Barcode Date last seen Price effective from Koha item type
    Dewey Decimal Classification     Archives Law Development Centre Main Library Text Books and Laws 04/28/2011   364 UNI 2011/2496 04/28/2011 04/28/2011 Books